|
|
|
|
| LEADER |
00000nam a22000007a 4500 |
| 003 |
Ucuenca |
| 005 |
20230308230250.0 |
| 008 |
181109b1994 sp ||||| |||| 00| 0 spa d |
| 020 |
|
|
|a 84-7153-599-8
|
| 040 |
|
|
|b spa
|
| 041 |
1 |
|
|a es
|
| 082 |
0 |
|
|a 453
|
| 110 |
1 |
|
|a Bibliograf
|9 230621
|
| 245 |
|
|
|a Diccionario vox mini italiano-español español-italiano
|c Bibliograf
|h imp
|
| 264 |
|
|
|a Barcelona
|b Romanya
|c 1994
|
| 300 |
|
|
|a 346 páginas:
|c 12 cm
|
| 650 |
|
0 |
|9 10927
|a Diccionario italiano
|
| 650 |
|
0 |
|9 8069
|a Diccionario italiano español
|
| 650 |
|
0 |
|9 8068
|a Diccionario español italiano
|
| 942 |
|
|
|2 ddc
|c BK
|z bladimir.cabrerar@ucuenca.edu.ec
|
| 999 |
|
|
|c 155916
|d 155916
|